000 00785nam a2200217Ia 4500
999 _c40791
_d40791
001 7430
003 GE_BSU
005 20231130164133.0
008 181216s1984||||ge |||||||||||||| ||geo||
040 _cGE_BSU
041 _ageo
080 _a821.353.1-31 დ-15
100 _aდავლიანიძე, ჯემალ
_920539
245 _aშემობრუნება :
_bრომანი /
_cჯემალ დავლიანიძე ; რედ. ლ. არაბიძე.
264 _aთბილისი :
_bმერანი,
_c1984.
300 _a188 გვ. ;
_c20 სმ.
653 _aრომანი
653 _aშემობრუნება
700 _aარაბიძე, ლ.
_eრედაქტორი
_94164
942 _cBK
_2udc